| 000 -LEADER |
| fixed length control field |
01497 a2200301 4500 |
| 003 - CONTROL NUMBER IDENTIFIER |
| control field |
OSt |
| 005 - DATE AND TIME OF LATEST TRANSACTION |
| control field |
20180116192335.0 |
| 008 - FIXED-LENGTH DATA ELEMENTS--GENERAL INFORMATION |
| fixed length control field |
120510t xxu||||| |||| 00| 0 eng d |
| 010 ## - LIBRARY OF CONGRESS CONTROL NUMBER |
| LC control number |
99028364 |
| 020 ## - INTERNATIONAL STANDARD BOOK NUMBER |
| International Standard Book Number |
0892818034 (alk. paper) |
| 040 ## - CATALOGING SOURCE |
| Transcribing agency |
0 |
| 082 00 - DEWEY DECIMAL CLASSIFICATION NUMBER |
| Classification number |
745.44917 |
| 100 1# - MAIN ENTRY--PERSONAL NAME |
| Personal name |
Critchlow, Keith. |
| 9 (RLIN) |
1314 |
| 245 10 - TITLE STATEMENT |
| Title |
Islamic patterns : |
| Remainder of title |
an analytical and cosmological approach / |
| Statement of responsibility, etc. |
Keith Critchlow. |
| 260 ## - PUBLICATION, DISTRIBUTION, ETC. |
| Place of publication, distribution, etc. |
Rochester, Vt. : |
| Name of publisher, distributor, etc. |
Inner Traditions, |
| Date of publication, distribution, etc. |
1999. |
| 300 ## - PHYSICAL DESCRIPTION |
| Extent |
192 p. : |
| Other physical details |
ill. (some col. ; |
| Dimensions |
26 cm. |
| 500 ## - GENERAL NOTE |
| General note |
Originally published: London : Thames and Hudson, 1976. |
| 500 ## - GENERAL NOTE |
| General note |
Simultaneously published in London by Thames and Hudson. |
| 505 ## - FORMATTED CONTENTS NOTE |
| Formatted contents note |
1. The Point of Departure -- 2. The Manifestation of Shape -- 3. Magic Squares -- 4. Pattern and Cosmology -- 5. The Pentagon -- 6. The Tetractys -- 7. The Mathematics of two-dimensional Space-filling -- 8. The Circle and Cosmic Rhythms -- 9. Specimen Islamic |
| 650 #0 - SUBJECT ADDED ENTRY--TOPICAL TERM |
| Topical term or geographic name entry element |
Islamic art. |
| 9 (RLIN) |
1315 |
| 650 #0 - SUBJECT ADDED ENTRY--TOPICAL TERM |
| Topical term or geographic name entry element |
Islamic art and symbolism. |
| 9 (RLIN) |
1316 |
| 650 #0 - SUBJECT ADDED ENTRY--TOPICAL TERM |
| Topical term or geographic name entry element |
Art |
| General subdivision |
Mathematics. |
| 9 (RLIN) |
1317 |
| 856 42 - ELECTRONIC LOCATION AND ACCESS |
| Materials specified |
Contributor biographical information |
| Uniform Resource Identifier |
<a href="http://www.loc.gov/catdir/enhancements/fy0644/99028364-b.html">http://www.loc.gov/catdir/enhancements/fy0644/99028364-b.html</a> |
| 856 42 - ELECTRONIC LOCATION AND ACCESS |
| Materials specified |
Publisher description |
| Uniform Resource Identifier |
<a href="http://www.loc.gov/catdir/enhancements/fy0644/99028364-d.html">http://www.loc.gov/catdir/enhancements/fy0644/99028364-d.html</a> |
| 856 42 - ELECTRONIC LOCATION AND ACCESS |
| Materials specified |
Table of contents only |
| Uniform Resource Identifier |
<a href="http://www.loc.gov/catdir/enhancements/fy0644/99028364-t.html">http://www.loc.gov/catdir/enhancements/fy0644/99028364-t.html</a> |
| 942 ## - ADDED ENTRY ELEMENTS (KOHA) |
| Institution code [OBSOLETE] |
SADA |
| Koha item type |
Book |
| Call number prefix |
745.44917 CRI 1999 |
| Source of classification or shelving scheme |
|